00460 2200169 4500001002100000005001500021035002000036245006000056100001600116250001700132300003200149260003500181082001100216084001700227020002200244650002400266INLIS00000000000076420241025071956 a0010-10240000571 aEnsiklopedia Fisika :bZat dan Perubahan /cSri Soeyati0 aSri Soeyati aCetakan ke-1 aiv, 44 hlm :bIlus ;c30 cm aJakarta :bGaneca exact,c2007 a530.03 a530.03 SRI e a978-979-571-490-3 4aEnsiklopedia Fisika